00222nam a2200085Ia 4500008004100000100001800041245004200059260002600101260000900127170620s9999 xx 000 0 und d aRajput- J. S. 0aSymphony of Human Values in Education bNew Delhi- N.C.E.R.T. c1999